Auswirkungen der Finanzkrise auf die Asset Allocation bei Regionalbanken Modell zur Integration der Makroökonomie und der Regulatorik in der strategischen Asset Allocation

Gespeichert in:
Bibliographische Detailangaben
1. Verfasser: Anacker, Ralf
Körperschaft: Fakulta podnikového manažmentu EU. Katedra podnikových financií
Weitere Verfasser: Markovič, Peter, 1974-
Format: Buch
Sprache:Deutsch
Veröffentlicht: Bratislava 2014
Schlagworte:
Tags: Tag hinzufügen
Keine Tags, Fügen Sie das erste Tag hinzu!

MARC

LEADER 00000nbm a2200000 4500
001 0185920
005 20230302105413.4
041 0 |a ger 
044 |a SK 
245 1 0 |a Auswirkungen der Finanzkrise auf die Asset Allocation bei Regionalbanken  |b Modell zur Integration der Makroökonomie und der Regulatorik in der strategischen Asset Allocation  |c Ralf Anacker ; školiteľ: Peter Markovič 
264 1 |a Bratislava  |c 2014 
300 |a 216 s. 
610 2 0 |a kríza finančná 
610 2 0 |a aktíva 
610 2 0 |a banky 
610 2 0 |a poisťovne 
610 2 0 |a modely 
100 1 |a Anacker, Ralf 
700 1 |a Markovič, Peter, 1974- 
710 2 |a Fakulta podnikového manažmentu EU. Katedra podnikových financií